Word Ladder: Famous Names Quiz Stats

 Plays Quiz Updated May 9, 2012

Support Sporcle.
Go Orange.
Score 0/20 Timer 03:00
1 Play Today
Clue 4-Letter Name % Correct
Jay ____, comedian and presenter of 'The Tonight Show'Leno
92.4%
____ Hackman, actor and two time Oscar winnerGene
88.5%
____ Antony, Cleopatra's Roman loverMark
84.3%
Richard ____, actor and star of 'Days of Heaven' and 'Chicago'Gere
83.3%
____ Horne, pioneering African-American actress and singerLena
79%
____ Del Rey, singer of 'Video Games'Lana
75.7%
____ Flynn Boyle, actress known for her roles in 'The Pratice' and 'Twin Peaks'Lara
74%
Rooney ____, 2012 Oscar nominee for 'The Girl with the Dragon Tattoo'Mara
72%
____ Descartes, French philosopher, writer and mathematicianRené
70.6%
____ Vidal, author, essayist and political activistGore
67.2%
Clue 4-Letter Name % Correct
Jean ____. French actor and star of 'Léon' and 'Ronin'Reno
65.7%
____ Grant, UK-born actor and one of Hollywood's definitive leading menCary
59.8%
Michael ____, Canadian actor known for his roles in 'Arrested Development' and 'Juno'Cera
58.3%
John ____, professional wrestler and 10-time WWE ChampionCena
56.4%
____ Monteith, actor who played Finn Hudson on 'Glee'Cory
50.7%
Thomas ____, philosopher and coiner of the term 'Utopia'More
47.4%
Cat ____, celebrity chef known for her role on 'Iron Chef America'Cora
45.6%
Vikki ____, Texan-born singerCarr
42.3%
____ Chung-hee, South Korean president assassinated in 1979Park
41.8%
Catherine ____, Henry VIII's last wifeParr
39.6%

Today's Daily Dose

Word Ladder
ING Words

Get the Picture
Nearest Volcano

From the Vault

Eddie Murphy Movies

by Derek

Movies 6m
OK, so his singing career didn't quite take off, at least he could fall back on doing movies - can you name them?
Remove Ads.
Support Sporcle.
Get the best of Sporcle when you Go Orange. This ad-free experience offers more features, more stats, and more fun while also helping to support Sporcle. Thank you for becoming a member.

Show Comments

Extras

Top Quizzes Today


Score Distribution

Your Account Isn't Verified!

In order to create a playlist on Sporcle, you need to verify the email address you used during registration. Go to your Sporcle Settings to finish the process.

Report this User

Report this user for behavior that violates our Community Guidelines.

Details: